00343nam a2200121Ia 4500008004100000082001400041100002000055245006600075250000800141260004400149300001000193650001800203150201s2008 xx 000 0 und d a611bS08L aLUMLEY, JOHN S. aSURFACE ANATOMY : THE ANATOMICAL BASIS OF CLINICAL EXAMINTION a4TH bCHURCHILL, LIVINGSTONEaEDINBURGHc2008 a1-134 aHUMAN ANATOMY